| 000 | 00544nam a2200193 a 4500 | ||
|---|---|---|---|
| 005 | 20140310183451.0 | ||
| 008 | 090108s19uu xx 00 eng d | ||
| 020 | _a1591392896 | ||
| 050 |
_aHD 31 _b.H3496 2007 |
||
| 245 |
_aManager's toolkit : _bthe 13 skills managers need to succeed / |
||
| 260 |
_aU.S.A : _bHarvard Business School Publishing, _c2007. |
||
| 300 |
_a328 p. : _c24 cm. |
||
| 521 | _aBSBA | ||
| 650 | _aBSBA. | ||
| 650 | _aManagement. | ||
| 650 | _aSupervision of employees. | ||
| 942 |
_cBK _2lcc _kFOR |
||
| 999 |
_c23423 _d23423 |
||